|
|
|
|
| LEADER |
01289nam a22003614a 4500 |
| 001 |
EBC117675 |
| 003 |
MiAaPQ |
| 005 |
20200520144314.0 |
| 006 |
m o d | |
| 007 |
cr cn||||||||| |
| 008 |
010122s2001 nyua s 001 0 eng |
| 010 |
|
|
|z 2001017669
|
| 020 |
|
|
|z 0471418307 (cloth : alk. paper)
|
| 035 |
|
|
|a (MiAaPQ)EBC117675
|
| 035 |
|
|
|a (Au-PeEL)EBL117675
|
| 035 |
|
|
|a (CaPaEBR)ebr10001733
|
| 035 |
|
|
|a (CaONFJC)MIL34125
|
| 035 |
|
|
|a (OCoLC)70737125
|
| 040 |
|
|
|a MiAaPQ
|c MiAaPQ
|d MiAaPQ
|
| 050 |
|
4 |
|a HF5548.32
|b .E178 2001
|
| 082 |
0 |
4 |
|a 658/.05
|2 21
|
| 245 |
0 |
4 |
|a The e-business workplace
|h [electronic resource] :
|b discovering the power of enterprise portals /
|c Matthaias Vering ... [et al.].
|
| 260 |
|
|
|a New York :
|b Wiley,
|c c2001.
|
| 300 |
|
|
|a xii, 243 p. :
|b ill.
|
| 500 |
|
|
|a Includes index.
|
| 533 |
|
|
|a Electronic reproduction. Ann Arbor, MI : ProQuest, 2015. Available via World Wide Web. Access may be limited to ProQuest affiliated libraries.
|
| 630 |
0 |
0 |
|a SAP R/3.
|
| 650 |
|
0 |
|a Electronic commerce.
|
| 650 |
|
0 |
|a Business
|x Computer programs.
|
| 655 |
|
4 |
|a Electronic books.
|
| 700 |
1 |
|
|a Vering, Matthias.
|
| 710 |
2 |
|
|a ProQuest (Firm)
|
| 856 |
4 |
0 |
|u https://ebookcentral.proquest.com/lib/matrademy/detail.action?docID=117675
|z Click to View
|